| 000 | 00418 a2200133 4500 | ||
|---|---|---|---|
| 001 | 91415 | ||
| 082 | _aPR 1312 | ||
| 090 |
_c43545 _d43544 |
||
| 100 | _aAdnan Ali; Prof Mansoor Ahsan (Advisor) | ||
| 245 |
_aDevelopment of 6 DOF Mathematical Model for a Fixed wing UAV and its Comprehensive erial Navigation Scheme _n72 "B" EC |
||
| 260 |
_aRawalpindi _bNUST _c2012 |
||
| 300 | _ax, 77p | ||
| 500 | _aBE Project Reports | ||
| 942 |
_aCAE NUST _kPR-1312 |
||
| 999 |
_c326488 _d326488 |
||